| 000 | 00710nam a2200181Ia 4500 | ||
|---|---|---|---|
| 008 | 100920s9999 xx 000 0 und d | ||
| 082 |
_b48906 _a51 थ 85 |
||
| 100 | _aतेंडुलकर द. वि (प्रफुल्लदत्त). | ||
| 245 | _aअमृतसिध्दी (छंदोपनिषद). | ||
| 260 |
_bमॅजेस्टिक बुक स्टाल, मंुबई. _c1985 |
||
| 300 |
_a273 _bसाधी |
||
| 365 | _b60 | ||
| 520 | _aचरित्र. | ||
| 630 | _aअमृतसिध्दी (छंदोपनिषद). | ||
| 650 | _aचरित्र. | ||
| 730 | _aअमृतसिध्दी (छंदोपनिषद). | ||
| 942 | _cBOOK | ||
| 999 |
_c695702 _d695699 |
||